00519nam a22001577a 450000500170000001000150001702000270003203500140005903700130007308200080008610000250009424500880011926000450020727000880025230000210034020220624110809.0 aENG-133377 a9789350536551c1500.00 aEN-116909 bDBAD/PUB a543 aGondaliya, Manish V. aAnalytical Chemistry:bApplication Theory and Instrumentation/cManish V. Gondaliya aNew DelhibCyber Tech Publicationsc2018 a4264/3, Ansari Road, Darya GanjbNew Delhie110002mcybertechpublications@gmail.com a224p.c23cm(hbk)